00500nam a2200205Ia 4500003000400000005001700004008004100021020001800062040000700080041000800087082001800095100001800113245005800131250000600189260003600195300001500231365001300246650000800259650002700267OSt20230413145545.0210423s2009 xx 000 0 und d a9788178299266 cAL aeng a343.0745 SINK aSINGH (Katar) aRural development: principles policies and management a3 aLondonbSage Publicationsc2009 axx,348bPB b425cINR aLaw aMilitary Tax Trade Law